[Event "Olomouc 2010 - IM1 Winsoft Company Cup"]
[Site "Olomouc (CZE), Hotel Sigma"]
[Date "2010.08.12"]
[Round "9"]
[White "Dukaczewski, Piotr"]
[Black "Antipov, Mikhail Al"]
[Result "0-1"]
[WhiteElo "2319"]
[BlackElo "2238"]
[PlyCount "120"]
[EventDate "2010.08.04"]

1. e4 c5 2. Nf3 d6 3. d4 cxd4 4. Nxd4 Nf6 5. f3 e5 6. Nb3 Be6 7. c4 a5 8. Be3
Be7 9. Nc3 a4 10. Nd2 Qa5 11. Rb1 Nbd7 12. Be2 O-O 13. O-O Bd8 14. Kh1 Bb6 15.
Bg5 Bc5 16. Qc2 Nh5 17. Rfd1 Nf4 18. Nf1 Nxe2 19. Qxe2 Nb6 20. Nd5 Nxd5 21.
exd5 Bf5 22. Rbc1 Rfe8 23. Ng3 Bg6 24. Ne4 b6 25. Bd2 Qa7 26. Bc3 f5 27. Ng3 h5
28. b4 axb3 29. axb3 Qa2 30. b4 Qxe2 31. Nxe2 Be3 32. Bd2 Bxd2 33. Rxd2 Rec8
34. f4 exf4 35. Kg1 Bf7 36. Nxf4 Ra4 37. Nd3 g6 38. Kf2 Kg7 39. h4 Kf6 40. g3
Rc7 41. Rdc2 g5 42. hxg5+ Kxg5 43. b5 Ra3 44. Nb4 Re7 45. Rc3 Ra4 46. Nd3 Re4
47. R1c2 h4 48. gxh4+ Kxh4 49. Ne1 Bh5 50. Nd3 Kg5 51. Nb2 Rb4 52. Ra3 Rd4 53.
Ke1 Rf4 54. Ra6 Rb3 55. Rxb6 Re4+ 56. Kf2 Rh3 57. Kg1 Bf3 58. c5 Kg4 59. Rh2
Re1+ 60. Kf2 Re2+ 0-1

[Event "Olomouc 2010 - IM1 Winsoft Company Cup"]
[Site "Olomouc (CZE), Hotel Sigma"]
[Date "2010.08.12"]
[Round "9"]
[White "Mikhailov, Viacheslav"]
[Black "Luch, Michal"]
[Result "1/2-1/2"]
[WhiteElo "2139"]
[BlackElo "2387"]
[PlyCount "102"]
[EventDate "2010.08.04"]

1. e4 c5 2. Nc3 a6 3. g3 b5 4. Bg2 Bb7 5. Nge2 Nf6 6. O-O e6 7. d3 d5 8. exd5
Nxd5 9. Nxd5 Bxd5 10. Bxd5 Qxd5 11. Nc3 Qb7 12. Ne4 Nd7 13. Qf3 Qd5 14. Bf4 f5
15. Ng5 Qxf3 16. Nxf3 Be7 17. Rfe1 Kf7 18. Re2 Bf6 19. Rae1 Rhe8 20. Be5 g5 21.
Bxf6 Kxf6 22. Ne5 Nxe5 23. Rxe5 Rac8 24. Kf1 Re7 25. R1e2 Rc6 26. Ke1 Rd7 27.
R5e3 h5 28. f4 Rg7 29. fxg5+ Rxg5 30. Kf2 Rg4 31. b3 h4 32. Kf3 c4 33. dxc4
bxc4 34. Rc3 Rd4 35. Ke3 Ke5 36. Rxc4 Rcxc4 37. bxc4 hxg3 38. hxg3 Re4+ 39. Kd3
Rxe2 40. Kxe2 Kd4 41. Kf3 a5 42. Kf4 a4 43. c5 Kxc5 44. Ke5 a3 45. Kxe6 Kc4 46.
Kxf5 Kc3 47. g4 Kxc2 48. g5 Kb2 49. g6 Kxa2 50. g7 Kb2 51. g8=Q a2 1/2-1/2

[Event "Olomouc 2010 - IM1 Winsoft Company Cup"]
[Site "Olomouc (CZE), Hotel Sigma"]
[Date "2010.08.12"]
[Round "9"]
[White "Sluka, Radek"]
[Black "Aranaz Murillo, Amalia"]
[Result "1/2-1/2"]
[WhiteElo "2282"]
[BlackElo "2190"]
[PlyCount "82"]
[EventDate "2010.08.04"]

1. e4 c6 2. d4 d5 3. Nc3 dxe4 4. Nxe4 Bf5 5. Ng3 Bg6 6. h4 h6 7. Nf3 Nd7 8. h5
Bh7 9. Bd3 Bxd3 10. Qxd3 e6 11. Bd2 Ngf6 12. O-O-O Be7 13. Kb1 O-O 14. Ne4 Nxe4
15. Qxe4 Nf6 16. Qe2 Qd5 17. c4 Qe4+ 18. Qxe4 Nxe4 19. Be3 f5 20. g3 Bg5 21.
Nxg5 hxg5 22. Rhg1 g4 23. Rdf1 Kf7 24. f3 Nf6 25. h6 gxh6 26. Bxh6 Rh8 27. Bg5
Rag8 28. Bxf6 Kxf6 29. f4 Rh2 30. Re1 Rd2 31. Rd1 Rf2 32. Rh1 Rf3 33. d5 exd5
34. cxd5 cxd5 35. Rxd5 Rxg3 36. Rh5 Re3 37. Rdxf5+ Ke6 38. Rfg5 Rxg5 39. Rxg5
g3 40. Kc1 Rf3 41. b3 Rxf4 1/2-1/2

[Event "Olomouc 2010 - IM2 Ceska pojistovna Cup"]
[Site "Olomouc (CZE), Hotel Sigma"]
[Date "2010.08.05"]
[Round "2"]
[White "Bures, Jaroslav"]
[Black "Butkiewicz, Lukasz"]
[Result "1-0"]
[WhiteElo "2332"]
[BlackElo "2375"]
[PlyCount "80"]
[EventDate "2010.08.04"]

1. e4 d6 2. d4 g6 3. Nc3 Bg7 4. Be3 c6 5. f4 Nf6 6. h3 O-O 7. Nf3 b5 8. e5 Ne8
9. Bd3 b4 10. Ne4 f5 11. Ned2 Nc7 12. Qe2 Nd5 13. Nc4 Na6 14. Bd2 Nac7 15. g3
c5 16. dxc5 dxc5 17. Be3 Ne6 18. h4 h5 19. Ng5 Qc7 20. Qf2 Nxg5 21. hxg5 Bb7
22. Rh2 Rac8 23. Be2 Rfd8 24. O-O-O a5 25. Bxh5 gxh5 26. Qe2 Nxe3 27. Nxe3
Rxd1+ 28. Nxd1 Rd8 29. Qxh5 Qd7 30. Ne3 e6 31. Nf1 Bd5 32. g4 Bf3 33. Qh7+ Kf8
34. Rd2 Qc8 35. gxf5 Be4 36. Ng3 Rxd2 37. Nxe4 Rd7 38. fxe6 Ra7 39. Qf5+ Ke7
40. Qf7+ Kd8 1-0

[Event "Olomouc 2010 - IM2 Ceska pojistovna Cup"]
[Site "Olomouc (CZE), Hotel Sigma"]
[Date "2010.08.05"]
[Round "2"]
[White "Havlikova, Kristyna"]
[Black "Volodin, Viktor"]
[Result "1-0"]
[WhiteElo "2299"]
[BlackElo "2222"]
[PlyCount "41"]
[EventDate "2010.08.04"]

1. e4 c6 2. d4 d5 3. f3 dxe4 4. fxe4 e5 5. Nf3 exd4 6. Bc4 Be6 7. Bxe6 fxe6 8.
O-O Nd7 9. Ng5 Ngf6 10. Nxe6 Qe7 11. Nc7+ Kd8 12. Nxa8 Qc5 13. Rf5 Ne5 14. b4
Qd6 15. Bf4 Nfd7 16. Nd2 Qe6 17. Nf3 Nxf3+ 18. Qxf3 Bxb4 19. Nc7 Qc4 20. Qb3
Qxb3 21. axb3 1-0

[Event "Olomouc 2010 - IM2 Ceska pojistovna Cup"]
[Site "Olomouc (CZE), Hotel Sigma"]
[Date "2010.08.05"]
[Round "2"]
[White "Klima, Lukas"]
[Black "Musaev, Rasul"]
[Result "1-0"]
[WhiteElo "2392"]
[BlackElo "2181"]
[PlyCount "70"]
[EventDate "2010.08.04"]

1. e4 c5 2. Nf3 Nc6 3. d4 cxd4 4. Nxd4 Nf6 5. Nc3 e5 6. Ndb5 d6 7. Bg5 a6 8.
Na3 b5 9. Nd5 Be7 10. Bxf6 Bxf6 11. c3 O-O 12. Nc2 Bg5 13. a4 bxa4 14. Rxa4 a5
15. Bc4 Bd7 16. Nce3 Kh8 17. Ra2 Ne7 18. b3 Bc6 19. Nxe7 Bxe7 20. Bd5 Qc7 21.
O-O Bg5 22. Nc4 Rfd8 23. Bxc6 Qxc6 24. Qd5 Qc7 25. Rxa5 Rxa5 26. Nxa5 Qxc3 27.
Nb7 Rf8 28. Nxd6 Kg8 29. Rd1 Be7 30. Qc4 Qb2 31. g3 h5 32. Nf5 Bf6 33. Kg2 g6
34. Rd6 gxf5 35. Rxf6 f4 1-0

[Event "Olomouc 2010 - IM2 Ceska pojistovna Cup"]
[Site "Olomouc (CZE), Hotel Sigma"]
[Date "2010.08.05"]
[Round "2"]
[White "Van Den Dikkenberg, Erik"]
[Black "Drozdowski, Kacper"]
[Result "1/2-1/2"]
[WhiteElo "2139"]
[BlackElo "2223"]
[PlyCount "177"]
[EventDate "2010.08.04"]

1. e4 c5 2. Nc3 e6 3. f4 d5 4. Nf3 dxe4 5. Bb5+ Bd7 6. Bxd7+ Nxd7 7. Nxe4 Ngf6
8. d3 Be7 9. O-O O-O 10. Qe2 Qc7 11. Bd2 Rac8 12. c4 Rcd8 13. Rae1 Qc6 14. Bc3
b5 15. b3 bxc4 16. dxc4 Qb6 17. Ng3 Rfe8 18. Ng5 h6 19. N5e4 Nxe4 20. Nxe4 f5
21. Ng3 Bf6 22. Bxf6 Nxf6 23. Rd1 Kh7 24. Rfe1 Qa5 25. h3 Qc3 26. Kh2 Rxd1 27.
Rxd1 e5 28. Qf2 Ne4 29. Nxe4 fxe4 30. f5 e3 31. Qg3 Kh8 32. Re1 Qd3 33. Qxe3
Qxf5 34. Qxc5 Qf4+ 35. Kg1 e4 36. Qe3 Qe5 37. b4 a6 38. a3 Re6 39. c5 Qd5 40.
Re2 Qe5 41. Rc2 Qd5 42. Rd2 Qe5 43. Rc2 h5 44. Rc4 Qa1+ 45. Qc1 Qe5 46. c6 Qc7
47. Qg5 Re5 48. Qe3 Re6 49. Rxe4 Rxc6 50. Re8+ Kh7 51. Qe4+ Rg6 52. Re5 Qc1+
53. Kh2 Qc7 54. Qf4 Rh6 55. Qf5+ Kg8 56. g3 Qd8 57. Rd5 Qe7 58. Re5 Qd8 59. Qe4
Qd2+ 60. Qg2 Rd6 61. Re2 Qd3 62. Qa8+ Kh7 63. Qe8 Qf5 64. Qe5 Qg6 65. Qf4 Rf6
66. Qe3 Rd6 67. Qe5 Rd1 68. a4 h4 69. g4 Rb1 70. b5 axb5 71. axb5 Rb3 72. Rb2
Rxb2+ 73. Qxb2 Qd6+ 74. Kh1 Qd5+ 75. Kg1 Qd1+ 76. Kf2 Qd3 77. Qe5 Qd2+ 78. Kf3
Qd3+ 79. Kf4 Qd2+ 80. Kf5 Qd3+ 81. Kg5 Qd8+ 82. Kf5 Qd3+ 83. Ke6 Qxh3 84. Qf5+
Kg8 85. Qf7+ Kh7 86. Qh5+ Kg8 87. Qe8+ Kh7 88. Qh5+ Kg8 89. Qf7+ 1/2-1/2

[Event "Olomouc 2010 - IM2 Ceska pojistovna Cup"]
[Site "Olomouc (CZE), Hotel Sigma"]
[Date "2010.08.06"]
[Round "3"]
[White "Butkiewicz, Lukasz"]
[Black "Plischki, Sebastian"]
[Result "1-0"]
[WhiteElo "2375"]
[BlackElo "2374"]
[PlyCount "74"]
[EventDate "2010.08.04"]

1. e4 c5 2. Nf3 d6 3. d4 cxd4 4. Nxd4 Nf6 5. Nc3 Nc6 6. Be2 g6 7. Be3 Bg7 8.
O-O O-O 9. Nb3 Be6 10. f4 a5 11. a4 Rc8 12. Bf3 Nd7 13. Rf2 Nb6 14. Be2 Nb4 15.
Nxa5 Nd7 16. Nb3 Bxc3 17. bxc3 Rxc3 18. Bd2 Rxc2 19. Nd4 Rxd2 20. Qxd2 Nc6 21.
Nxc6 bxc6 22. f5 gxf5 23. exf5 Bd5 24. Bf3 Nf6 25. Bxd5 Nxd5 26. a5 Qd7 27. Rf3
Ra8 28. Kh1 Kh8 29. a6 Nf6 30. Qb2 Qa7 31. Rb3 h6 32. Qc3 Qd7 33. Rb7 Qxf5 34.
a7 Kh7 35. Rxe7 Nd5 36. Qxc6 Rg8 37. Re2 Qg4 1-0

[Event "Olomouc 2010 - IM2 Ceska pojistovna Cup"]
[Site "Olomouc (CZE), Hotel Sigma"]
[Date "2010.08.06"]
[Round "3"]
[White "Drozdowski, Kacper"]
[Black "Havlikova, Kristyna"]
[Result "0-1"]
[WhiteElo "2223"]
[BlackElo "2299"]
[PlyCount "112"]
[EventDate "2010.08.04"]

1. e4 c5 2. Nf3 d6 3. d4 cxd4 4. Nxd4 Nf6 5. Nc3 a6 6. h3 e5 7. Nde2 h5 8. Bg5
Be7 9. Ng3 h4 10. Nf5 Bxf5 11. exf5 Nbd7 12. Bc4 b5 13. Bb3 Rc8 14. Qe2 b4 15.
Na4 Qa5 16. O-O Qb5 17. Qd1 Rh5 18. c4 Qc6 19. Be3 Rxf5 20. a3 a5 21. axb4 axb4
22. Nb6 Nxb6 23. Ra6 Kf8 24. Rxb6 Qc7 25. Bc2 e4 26. b3 d5 27. Rb5 Qd7 28. Qd2
g6 29. Rd1 Qc6 30. Bd4 Ng8 31. Rxb4 Bxb4 32. Qxb4+ Ne7 33. Ra1 Ra8 34. c5 Rxa1+
35. Bxa1 f6 36. Bd4 Kf7 37. Bd1 Qa6 38. Bg4 Nc6 39. Qd2 Nxd4 40. Qxd4 Re5 41.
Qd2 Kg7 42. Be2 Qa1+ 43. Kh2 d4 44. Qb4 Qc3 45. Qb7+ Kh6 46. Qc8 Qd2 47. c6
Qf4+ 48. Kg1 e3 49. f3 d3 50. Qf8+ Kg5 51. Bxd3 e2 52. Bxe2 Rxe2 53. Qc5+ Re5
54. Qf2 Ra5 55. Qb2 Rc5 56. Qe2 Rc1+ 0-1

[Event "Olomouc 2010 - IM2 Ceska pojistovna Cup"]
[Site "Olomouc (CZE), Hotel Sigma"]
[Date "2010.08.06"]
[Round "3"]
[White "Volodin, Viktor"]
[Black "Bures, Jaroslav"]
[Result "1/2-1/2"]
[WhiteElo "2222"]
[BlackElo "2332"]
[PlyCount "43"]
[EventDate "2010.08.04"]

1. Nf3 Nf6 2. c4 c5 3. g3 b6 4. Bg2 Bb7 5. O-O e6 6. Nc3 Be7 7. Re1 Ne4 8. Nxe4
Bxe4 9. d3 Bb7 10. e4 Nc6 11. d4 cxd4 12. Nxd4 Nxd4 13. Qxd4 O-O 14. Bf4 d6 15.
e5 dxe5 16. Bxe5 Qxd4 17. Bxd4 Bxg2 18. Kxg2 Rfd8 19. Red1 Rd7 20. Be3 Rad8 21.
Rxd7 Rxd7 22. Kf3 1/2-1/2

[Event "Olomouc 2010 - IM2 Ceska pojistovna Cup"]
[Site "Olomouc (CZE), Hotel Sigma"]
[Date "2010.08.07"]
[Round "4"]
[White "Bures, Jaroslav"]
[Black "Drozdowski, Kacper"]
[Result "1-0"]
[WhiteElo "2332"]
[BlackElo "2223"]
[PlyCount "119"]
[EventDate "2010.08.04"]

1. e4 c5 2. Nf3 Nc6 3. d4 cxd4 4. Nxd4 g6 5. Nc3 Bg7 6. Be3 Nf6 7. Bc4 O-O 8.
Bb3 d6 9. f3 Bd7 10. Qd2 Nxd4 11. Bxd4 b5 12. a4 b4 13. Nd5 Nxd5 14. Bxg7 Kxg7
15. exd5 Qb6 16. h4 h6 17. h5 g5 18. f4 g4 19. Qd3 e5 20. dxe6 Bxe6 21. Bxe6
Rae8 22. O-O-O Rxe6 23. f5 Qe3+ 24. Qxe3 Rxe3 25. Rxd6 Re2 26. f6+ Kg8 27. Rd2
Rfe8 28. Rhd1 g3 29. Rxe2 Rxe2 30. Rd8+ Kh7 31. Rf8 Rxg2 32. Rxf7+ Kh8 33. Rg7
a5 34. Rg6 Kh7 35. c4 bxc3 36. bxc3 Rf2 37. Rg7+ Kh8 38. Rxg3 Rxf6 39. Kc2 Rf5
40. c4 Rxh5 41. Kd3 Rh4 42. Rg1 Rh3+ 43. Kd4 Ra3 44. c5 Rxa4+ 45. Kd5 Ra2 46.
Rc1 Rd2+ 47. Ke6 Re2+ 48. Kd7 Rd2+ 49. Kc8 Kg7 50. c6 Rf2 51. c7 Kg6 52. Kd7
Rf8 53. c8=Q Rxc8 54. Rxc8 Kg5 55. Ke6 h5 56. Ke5 Kg4 57. Ke4 h4 58. Rg8+ Kh3
59. Kf3 a4 60. Ra8 1-0

[Event "Olomouc 2010 - IM2 Ceska pojistovna Cup"]
[Site "Olomouc (CZE), Hotel Sigma"]
[Date "2010.08.07"]
[Round "4"]
[White "Klima, Lukas"]
[Black "Van Den Dikkenberg, Erik"]
[Result "1-0"]
[WhiteElo "2392"]
[BlackElo "2139"]
[PlyCount "93"]
[EventDate "2010.08.04"]

1. e4 c5 2. Nf3 d6 3. d4 cxd4 4. Qxd4 Nc6 5. Bb5 Bd7 6. Bxc6 Bxc6 7. c4 Nf6 8.
Nc3 g6 9. O-O Bg7 10. Re1 O-O 11. Qd2 Qb6 12. Rb1 Ng4 13. Nd5 Bxd5 14. exd5
Rac8 15. Qe2 Rfe8 16. h3 Ne5 17. Nxe5 Bxe5 18. Be3 Qa6 19. b3 e6 20. dxe6 Rxe6
21. a4 Rce8 22. Qd2 b6 23. Red1 Qc8 24. a5 bxa5 25. Qxa5 a6 26. Qd5 R8e7 27. b4
Rc7 28. b5 axb5 29. cxb5 Qb7 30. b6 Rd7 31. Rbc1 Ree7 32. Rc6 Kg7 33. f4 Bf6
34. Bd4 Bxd4+ 35. Qxd4+ Kg8 36. Rdc1 Re8 37. f5 Rde7 38. Rc7 Qb8 39. f6 Re2 40.
Kh2 Qa8 41. Qg4 Qa2 42. Rc8 h5 43. Qxe2 Qxe2 44. b7 Qe5+ 45. Kh1 Qb2 46. Rxe8+
Kh7 47. Rcc8 1-0

[Event "Olomouc 2010 - IM2 Ceska pojistovna Cup"]
[Site "Olomouc (CZE), Hotel Sigma"]
[Date "2010.08.07"]
[Round "4"]
[White "Plischki, Sebastian"]
[Black "Volodin, Viktor"]
[Result "1/2-1/2"]
[WhiteElo "2374"]
[BlackElo "2222"]
[PlyCount "102"]
[EventDate "2010.08.04"]

1. d4 d5 2. c4 e6 3. Nc3 Nf6 4. cxd5 exd5 5. Bg5 c6 6. e3 Be7 7. Bd3 Bg4 8.
Nge2 Bh5 9. O-O Bg6 10. Bxf6 Bxf6 11. b4 a6 12. a4 Nd7 13. b5 axb5 14. Bxg6
hxg6 15. axb5 Rxa1 16. Qxa1 Qc7 17. Ng3 O-O 18. Rc1 Nb6 19. bxc6 Ra8 20. Qb1
bxc6 21. Nf1 Nc4 22. Qc2 Rb8 23. Rb1 Rxb1 24. Qxb1 Qb6 25. Qxb6 Nxb6 26. f3 Kf8
27. Kf2 Ke7 28. Ke2 Kd6 29. Kd3 c5 30. dxc5+ Kxc5 31. Nd2 Nd7 32. f4 Kc6 33.
Nb3 Nc5+ 34. Nxc5 Kxc5 35. g4 Bd8 36. g5 Ba5 37. Ne2 Kd6 38. Nd4 Bd8 39. h4 Bb6
40. Ne2 Ke6 41. Ng3 Bc7 42. h5 gxh5 43. Nxh5 g6 44. Nf6 Bb8 45. Ng4 Kf5 46.
Nh6+ Ke6 47. Ke2 d4 48. Kd3 dxe3 49. Kxe3 Bd6 50. Ke4 Bxf4 51. Kxf4 f6 1/2-1/2

[Event "Olomouc 2010 - IM2 Ceska pojistovna Cup"]
[Site "Olomouc (CZE), Hotel Sigma"]
[Date "2010.08.08"]
[Round "5"]
[White "Butkiewicz, Lukasz"]
[Black "Klima, Lukas"]
[Result "1/2-1/2"]
[WhiteElo "2375"]
[BlackElo "2392"]
[PlyCount "84"]
[EventDate "2010.08.04"]

1. e4 c5 2. Nf3 Nc6 3. d4 cxd4 4. Nxd4 Nf6 5. Nc3 d6 6. Be2 g6 7. Be3 Bg7 8.
O-O O-O 9. Nb3 a6 10. f4 Bd7 11. Qe1 Rc8 12. Bf3 e5 13. f5 Nb4 14. Qf2 gxf5 15.
exf5 Bxf5 16. Bg5 Bg6 17. Bxb7 Rb8 18. Bd5 Nxc2 19. Rac1 Ne4 20. Bxd8 Nxf2 21.
Rxf2 Rbxd8 22. Rcxc2 Bxc2 23. Rxc2 Bh6 24. g4 Bf4 25. Be4 h5 26. g5 Kg7 27. Rg2
Rc8 28. Nd5 Rc4 29. Bd3 Ra4 30. Nc3 Be3+ 31. Kf1 Rg4 32. Bxa6 f5 33. Be2 Rxg2
34. Kxg2 h4 35. Na5 Bd2 36. Nc4 Bxc3 37. bxc3 Ra8 38. Nxd6 Kg6 39. Nc4 e4 40.
a3 Kxg5 41. Kf2 Kf4 42. Bf1 Ra4 1/2-1/2

[Event "Olomouc 2010 - IM2 Ceska pojistovna Cup"]
[Site "Olomouc (CZE), Hotel Sigma"]
[Date "2010.08.08"]
[Round "5"]
[White "Drozdowski, Kacper"]
[Black "Plischki, Sebastian"]
[Result "1-0"]
[WhiteElo "2223"]
[BlackElo "2374"]
[PlyCount "113"]
[EventDate "2010.08.04"]

1. e4 c5 2. Nf3 d6 3. d4 cxd4 4. Nxd4 Nf6 5. Nc3 a6 6. h3 e6 7. g4 d5 8. exd5
Nxd5 9. Bd2 b5 10. Bg2 Bb7 11. Ne4 Be7 12. O-O O-O 13. Nb3 Ra7 14. Qe2 Nd7 15.
Na5 Ba8 16. a4 b4 17. Nc4 a5 18. Rad1 Bb7 19. Ncd6 Ba6 20. Nb5 Qb8 21. c4 bxc3
22. Nexc3 N7b6 23. b3 Rd7 24. Ne4 Rfd8 25. Qf3 Nb4 26. Bf4 e5 27. Rxd7 Rxd7 28.
Be3 Rd3 29. Rb1 Rd8 30. Rd1 Rxd1+ 31. Qxd1 N6d5 32. Bc5 Bxb5 33. Bxe7 Nxe7 34.
axb5 Ned5 35. Qc1 h6 36. Qc5 Qc7 37. Qxc7 Nxc7 38. b6 Ne6 39. b7 Na6 40. Nd6
Kf8 41. Nc4 Nd4 42. Nxa5 Nb8 43. b4 Ke7 44. b5 Kd6 45. Nc6 Nbxc6 46. bxc6 Kc7
47. Bd5 f6 48. Kf1 g6 49. Ke1 f5 50. gxf5 gxf5 51. Kd2 Nb5 52. Kd3 Nd6 53. Kc3
f4 54. Kb4 e4 55. Kc5 e3 56. b8=Q+ Kxb8 57. Kxd6 1-0

[Event "Olomouc 2010 - IM2 Ceska pojistovna Cup"]
[Site "Olomouc (CZE), Hotel Sigma"]
[Date "2010.08.08"]
[Round "5"]
[White "Musaev, Rasul"]
[Black "Bures, Jaroslav"]
[Result "0-1"]
[WhiteElo "2181"]
[BlackElo "2332"]
[PlyCount "84"]
[EventDate "2010.08.04"]

1. e4 c5 2. Nf3 e6 3. Nc3 a6 4. a4 Nc6 5. g3 Nf6 6. Bg2 Qc7 7. O-O Be7 8. b3 d6
9. Bb2 Bd7 10. d3 h6 11. Re1 O-O 12. Nd2 Rab8 13. Ne2 b5 14. axb5 axb5 15. Nf4
e5 16. Nd5 Nxd5 17. exd5 Nd4 18. c3 Nf5 19. d4 Rfe8 20. dxc5 dxc5 21. Ra6 Bf8
22. Qa1 Nd6 23. c4 f6 24. Bc3 Qc8 25. Ra7 Bf5 26. Qa2 Bd3 27. Bf1 Bxf1 28. Nxf1
Qf5 29. Nd2 h5 30. h4 Qd3 31. Re3 Qg6 32. Kh2 b4 33. Ba1 e4 34. Qb1 f5 35. Qg1
Qg4 36. Re1 f4 37. Qg2 Nf5 38. Qh3 e3 39. Qxg4 hxg4 40. fxe3 fxe3 41. Nf1 e2
42. Nd2 Bd6 0-1

[Event "Olomouc 2010 - IM2 Ceska pojistovna Cup"]
[Site "Olomouc (CZE), Hotel Sigma"]
[Date "2010.08.08"]
[Round "5"]
[White "Van Den Dikkenberg, Erik"]
[Black "Havlikova, Kristyna"]
[Result "0-1"]
[WhiteElo "2139"]
[BlackElo "2299"]
[PlyCount "108"]
[EventDate "2010.08.04"]

1. e4 c5 2. Nc3 Nc6 3. f4 g6 4. Nf3 Bg7 5. Bb5 Nd4 6. O-O a6 7. Bd3 d6 8. Nxd4
cxd4 9. Ne2 Nf6 10. Kh1 e5 11. c3 O-O 12. cxd4 exd4 13. Nxd4 Nxe4 14. Bxe4 Bxd4
15. Qf3 Qf6 16. g4 Qh4 17. h3 Be6 18. Kg2 Rae8 19. f5 gxf5 20. gxf5 Kh8 21. Kh1
Bc4 22. d3 d5 23. dxc4 dxe4 24. Qg4 Qxg4 25. hxg4 e3 26. Rf4 Bf6 27. Rf3 e2 28.
Bd2 Bxb2 29. Re1 Re4 30. Re3 Rxg4 31. R3xe2 Bf6 32. Re4 Rfg8 33. c5 Rg3 34.
R1e2 Rf3 35. Kh2 Rxf5 36. Kh1 Rxc5 37. Rf2 Rh5+ 38. Rh2 Rxh2+ 39. Kxh2 Rd8 40.
Bh6 Bg7 41. Bg5 f6 42. Be3 Kg8 43. Re7 Rc8 44. a4 Rc2+ 45. Kg3 Ra2 46. Re4 Ra3
47. Kg4 Kf7 48. Bc5 Rb3 49. a5 Kg6 50. Re6 h5+ 51. Kf4 Bh6+ 52. Ke4 h4 53. Re8
Rb5 54. Bd4 Rxa5 0-1

[Event "Olomouc 2010 - IM2 Ceska pojistovna Cup"]
[Site "Olomouc (CZE), Hotel Sigma"]
[Date "2010.08.09"]
[Round "6"]
[White "Bures, Jaroslav"]
[Black "Van Den Dikkenberg, Erik"]
[Result "1/2-1/2"]
[WhiteElo "2332"]
[BlackElo "2139"]
[PlyCount "117"]
[EventDate "2010.08.04"]

1. e4 c5 2. Nf3 d6 3. d4 cxd4 4. Nxd4 Nf6 5. Nc3 a6 6. Be2 e5 7. Nb3 Be7 8. O-O
O-O 9. Kh1 Nbd7 10. a4 b6 11. Be3 Qc7 12. f3 Bb7 13. Qd2 Rac8 14. Nc1 Rfe8 15.
N1a2 Qb8 16. b3 Rc7 17. Bc4 Rec8 18. Qe2 Bf8 19. Rfd1 Qa8 20. Nb4 a5 21. Nbd5
Bxd5 22. Nxd5 Nxd5 23. Rxd5 Nc5 24. Rd2 Qa7 25. Qf2 Qb7 26. Bb5 g6 27. Rb1 Rb8
28. Rg1 Rd8 29. Rd5 Rdc8 30. g4 Ne6 31. Bc4 Nc5 32. Bb5 Ne6 33. Rd2 Nc5 34. g5
Rd8 35. Rd5 Rdc8 36. Rg3 Ne6 37. Rd2 Nc5 38. Bc4 Qc6 39. Bd5 Qd7 40. h4 b5 41.
axb5 Qxb5 42. h5 a4 43. bxa4 Qxa4 44. hxg6 hxg6 45. Rh3 Bg7 46. Bxc5 Rxc5 47.
Bb3 Qa1+ 48. Kg2 Qc1 49. Rh1 Qa3 50. f4 Qb4 51. Re2 exf4 52. Qxf4 Rf5 53. Qh4
Re5 54. Rf2 Rc7 55. Bd5 Qd4 56. c4 Qe3 57. Rf4 Rd7 58. Rff1 Ree7 59. Qf2
1/2-1/2

[Event "Olomouc 2010 - IM2 Ceska pojistovna Cup"]
[Site "Olomouc (CZE), Hotel Sigma"]
[Date "2010.08.09"]
[Round "6"]
[White "Butkiewicz, Lukasz"]
[Black "Volodin, Viktor"]
[Result "1/2-1/2"]
[WhiteElo "2375"]
[BlackElo "2222"]
[PlyCount "95"]
[EventDate "2010.08.04"]

1. e4 e5 2. Nf3 Nc6 3. Bb5 a6 4. Ba4 Nf6 5. O-O Be7 6. Re1 b5 7. Bb3 O-O 8. d4
Nxd4 9. Nxd4 exd4 10. e5 Ne8 11. Qxd4 Bb7 12. c3 d6 13. Bf4 dxe5 14. Bxe5 Bd6
15. Bxd6 Qxd6 16. Qxd6 Nxd6 17. Nd2 Rfe8 18. f3 Kf8 19. Kf2 Rxe1 20. Rxe1 Re8
21. Rxe8+ Kxe8 22. Bc2 Bd5 23. a4 c5 24. a5 Nb7 25. Ne4 Bxe4 26. Bxe4 Nxa5 27.
b4 cxb4 28. cxb4 Nc4 29. Ke2 Nd6 30. Bd5 Kd7 31. Kd3 f6 32. Kd4 Kc7 33. Bg8
Nf5+ 34. Kc5 Nh4 35. Bxh7 Nxg2 36. Kd5 Nf4+ 37. Ke4 Ne6 38. Bg8 Kd6 39. h4 g6
40. Bf7 f5+ 41. Ke3 Ke5 42. Bxg6 Nf4 43. Bf7 Ng2+ 44. Kd2 Nxh4 45. Ke3 Nxf3 46.
Kxf3 Kd4 47. Be6 Kc3 48. Bc8 1/2-1/2

[Event "Olomouc 2010 - IM2 Ceska pojistovna Cup"]
[Site "Olomouc (CZE), Hotel Sigma"]
[Date "2010.08.09"]
[Round "6"]
[White "Gasik, Anna"]
[Black "Drozdowski, Kacper"]
[Result "1/2-1/2"]
[WhiteElo "2168"]
[BlackElo "2223"]
[PlyCount "113"]
[EventDate "2010.08.04"]

1. e4 c5 2. Nf3 e6 3. c3 d5 4. e5 d4 5. cxd4 cxd4 6. Qa4+ Nc6 7. Bb5 Bd7 8.
Bxc6 Bxc6 9. Qxd4 Qxd4 10. Nxd4 Bxg2 11. Rg1 Bd5 12. Nc3 O-O-O 13. d3 Kb8 14.
Be3 a6 15. Ke2 h6 16. f4 Ne7 17. Rac1 g5 18. Nxd5 Nxd5 19. fxg5 Nxe3 20. Kxe3
hxg5 21. Rc2 Rd5 22. Nf3 Rh3 23. Ke4 Be7 24. Rg3 Rh5 25. d4 f5+ 26. exf6 Bxf6
27. Rg4 Rh8 28. b3 Rhd8 29. Ke3 Re8 30. Re4 Rf5 31. Rf2 Kc7 32. Rc2+ Kd6 33. a4
Rh8 34. Rg4 Rh3 35. Rg3 Rh8 36. Rg4 b5 37. Nd2 Kd7 38. Ne4 Be7 39. Rgg2 Rh3+
40. Rg3 Rh4 41. Rf3 Bd6 42. axb5 axb5 43. Rg2 Bf4+ 44. Kd3 g4 45. Rff2 Rh3+ 46.
Kc2 Be3 47. Re2 Bxd4 48. Rxg4 Rff3 49. Rd2 e5 50. Rg6 Kc7 51. Ng5 Rc3+ 52. Kd1
Rhd3 53. Ne6+ Kb7 54. Nxd4 exd4 55. b4 Rxd2+ 56. Kxd2 Rh3 57. Rg4 1/2-1/2

[Event "Olomouc 2010 - IM2 Ceska pojistovna Cup"]
[Site "Olomouc (CZE), Hotel Sigma"]
[Date "2010.08.09"]
[Round "6"]
[White "Klima, Lukas"]
[Black "Havlikova, Kristyna"]
[Result "1/2-1/2"]
[WhiteElo "2392"]
[BlackElo "2299"]
[PlyCount "45"]
[EventDate "2010.08.04"]

1. e4 c5 2. Nf3 Nc6 3. d4 cxd4 4. Nxd4 g6 5. Nc3 Bg7 6. Be3 Nf6 7. Bc4 O-O 8.
Bb3 d6 9. f3 Bd7 10. Qd2 Nxd4 11. Bxd4 b5 12. h4 a5 13. a4 bxa4 14. Nxa4 Be6
15. Nb6 Ra6 16. Nd5 Bxd5 17. exd5 e5 18. dxe6 Re8 19. Qe2 d5 20. Qxa6 Rxe6+ 21.
Qxe6 fxe6 22. O-O-O Nd7 23. c3 1/2-1/2

[Event "Olomouc 2010 - IM2 Ceska pojistovna Cup"]
[Site "Olomouc (CZE), Hotel Sigma"]
[Date "2010.08.10"]
[Round "7"]
[White "Havlikova, Kristyna"]
[Black "Bures, Jaroslav"]
[Result "1/2-1/2"]
[WhiteElo "2299"]
[BlackElo "2332"]
[PlyCount "104"]
[EventDate "2010.08.04"]

1. e4 c6 2. d4 d5 3. Nc3 dxe4 4. Nxe4 Bf5 5. Ng3 Bg6 6. h4 h6 7. Nf3 Nd7 8. h5
Bh7 9. Bd3 Bxd3 10. Qxd3 e6 11. Bd2 Qc7 12. O-O-O O-O-O 13. Qe2 Ngf6 14. Ne5
Nb6 15. Ba5 Rd5 16. Bxb6 axb6 17. f4 b5 18. Kb1 Bb4 19. c3 Ba5 20. Nf1 Qe7 21.
g4 Rdd8 22. Ne3 Nd5 23. Nxd5 exd5 24. Qc2 Qe6 25. Rde1 Rhe8 26. a3 Bc7 27. Rhg1
b6 28. Qf5 Bxe5 29. fxe5 Rh8 30. Ref1 Rd7 31. Rf4 Kd8 32. Rgf1 Ke8 33. Qc2 Ra7
34. Rf5 Kf8 35. Qg2 Re7 36. g5 hxg5 37. Rxg5 Qh6 38. Ka2 Ke8 39. Qg4 Qe6 40.
Qf3 Qh6 41. Qf5 Kd8 42. Rfg1 f6 43. exf6 Qxf6 44. Qh3 Qf8 45. Rg6 Rh6 46. Qg3
Rc7 47. Qg5+ Kc8 48. Re1 Rxg6 49. hxg6 Kb7 50. Qe5 Qf3 51. Qe8 Qd3 52. Ka1 Qf5
1/2-1/2

[Event "Olomouc 2010 - IM2 Ceska pojistovna Cup"]
[Site "Olomouc (CZE), Hotel Sigma"]
[Date "2010.08.10"]
[Round "7"]
[White "Musaev, Rasul"]
[Black "Gasik, Anna"]
[Result "0-1"]
[WhiteElo "2181"]
[BlackElo "2168"]
[PlyCount "111"]
[EventDate "2010.08.04"]

1. e4 c5 2. Ne2 e6 3. g3 Nc6 4. Bg2 g6 5. c3 Bg7 6. d4 cxd4 7. cxd4 d5 8. exd5
exd5 9. Nbc3 Nge7 10. Bg5 Be6 11. O-O Qd7 12. Qd2 Nf5 13. g4 Nfxd4 14. Nxd4
Bxd4 15. Bh6 Bf6 16. Rac1 Ne7 17. Rfe1 Bxc3 18. Qxc3 d4 19. Qg3 Rd8 20. Bg7 Rg8
21. Bf6 Rc8 22. Rcd1 Qc7 23. Be5 Qa5 24. Bxb7 Rc4 25. a3 d3 26. b4 Qxa3 27.
Rxd3 Qxb4 28. Red1 f6 29. Bf3 fxe5 30. Qxe5 Bc8 31. g5 Qb6 32. Rd6 Qc7 33. Qe3
Kf7 34. Be2 Rc6 35. Qf3+ Bf5 36. Rd7 Qe5 37. Qxc6 Bxd7 38. Rxd7 Qxe2 39. Qf6+
Ke8 40. Rxa7 Qe4 41. Ra3 Rf8 42. Qa1 Qg4+ 43. Rg3 Qe4 44. Re3 Qd5 45. Re5 Qd6
46. Ra5 Rf5 47. Qh8+ Kd7 48. Rxf5 Qd1+ 49. Kg2 Qg4+ 50. Kf1 Qxf5 51. Qxh7 Qxg5
52. h4 Qh5 53. Qg7 Qxh4 54. Qe5 Qh3+ 55. Kg1 Qg4+ 56. Kf1 0-1